Odd But True Facts IX Quiz Stats

Quiz Updated Jun 23, 2016

Challenge
Share
Tweet
Embed
Score 0/23 Timer 06:00
18 Plays Today
% Correct
hands
97%
14,000 apartments
93.9%
Santa
92%
a hundred cats
92%
being born in September
89.8%
dead for two years
89%
sailing uphill
86.1%
supercomputer
86%
Miley Cyrus licking a sledgehammer
85.6%
The International Space Station
85.6%
Kim Kardashian's butt
84.9%
eating pet food
82.3%
% Correct
bubble-gum-flavored broccoli
82%
the rock band 'Black Sabbath'
81.7%
Barack Obama's mother
80.1%
a button on an Xbox controller
76.6%
the ancient Romans
69.5%
The Boston Molasses Disaster
68.7%
a sponge
65.3%
mullet haircuts
57.8%
a small piece of baguette
57.5%
space
51.2%
a power saw
40.7%

You're not logged in!

Compare scores with friends on all Sporcle quizzes.
Join for Free
OR
Log In

You Might Also Like...

Show Comments

Extras

Top Quizzes Today


Score Distribution

Your Account Isn't Verified!

In order to create a playlist on Sporcle, you need to verify the email address you used during registration. Go to your Sporcle Settings to finish the process.

Report this User

Report this user for behavior that violates our Community Guidelines.

Details: